La Secretaría de Gobernación : (Record no. 205778)

MARC details
000 -CABECERA
campo de control de longitud fija 00934cam a2200277 u 4500
003 - IDENTIFICADOR DEL NÚMERO DE CONTROL
campo de control UPN
005 - FECHA Y HORA DE LA ÚLTIMA TRANSACCIÓN
campo de control 20221124063629.0
008 - ELEMENTOS DE LONGITUD FIJA--INFORMACIÓN GENERAL
campo de control de longitud fija 191023s2000 mx o fr 000 0 spa d
020 ## - NÚMERO INTERNACIONAL NORMALIZADO PARA LIBROS
Número Internacional Estándar del Libro 9706282831
035 ## - NÚMERO DE CONTROL DEL SISTEMA
Número de control de sistema UPN01000233683
040 ## - FUENTE DE LA CATALOGACIÓN
Centro catalogador/agencia de origen MX-MxUPN
Lengua de catalogación spa
Centro/agencia transcriptor MX-MxUPN
050 #4 - SIGNATURA TOPOGRÁFICA DE LA BIBLIOTECA DEL CONGRESO
Número de clasificación JL1250
Número de documento/Ítem S43 2000
245 03 - MENCIÓN DE TÍTULO
Título La Secretaría de Gobernación :
Resto del título acción política del gobierno mexicano
250 ## - MENCIÓN DE EDICIÓN
Mención de edición Primera edición
260 ## - PUBLICACIÓN, DISTRIBUCIÓN, ETC.
Lugar de publicación, distribución, etc. México :
Nombre del editor, distribuidor, etc. INEHRM,
Fecha de publicación, distribución, etc. 2000.
300 ## - DESCRIPCIÓN FÍSICA
Extensión 5 volúmenes
500 ## - NOTA GENERAL
Nota general La biblioteca tiene solamente el v.4.
505 2# - NOTA DE CONTENIDO CON FORMATO PREESTABLECIDO
Nota de contenido con formato v.4 Población y movimientos migratorios / Luz María Valdés, coordinadora.
610 #7 - ASIENTO SECUNDARIO DE MATERIA - NOMBRE CORPORATIVO
9 (RLIN) 47120
Nombre de entidad corporativa o nombre de jurisdicción como elemento de entrada México.
Unidad subordinada Secretaría de Gobernación
Subdivisión general Historia
650 #7 - ASIENTO SECUNDARIO DE MATERIA - TERMINO TEMATICO
9 (RLIN) 47121
Término de materia o nombre geográfico como elemento de entrada Política de población
Subdivisión geográfica México
651 #4 - ASIENTO SECUNDARIO DE MATERIA - NOMBRE GEOGRAFICO
Nombre geográfico México
Subdivisión general Emigración e inmigración
9 (RLIN) 7931
902 ## - ELEMENTOS DE DATOS B LOCAL, LDB (RLIN)
Modificó VíctorGodínez/171022/M
905 ## - TIPO DE MATERIAL
Tipo de material Libro
942 ## - ELEMENTOS DE PUNTO DE ACCESO ADICIONAL (KOHA)
Fuente del sistema de clasificación o colocación Library of Congress Classification
Tipo de ítem Koha Libro
Holdings
Estado de retiro Estado de pérdida Fuente del sistema de clasificación o colocación Estado dañado No para préstamo Código de colección Localización permanente Ubicación/localización actual Ubicación en estantería Fecha de adquisición Enumeración/cronología de publicación seriada Clasificación Código de barras Fecha visto por última vez Tipo de ítem Koha
    Library of Congress Classification     Colección General Bib. Gregorio Torres Quintero Bib. Gregorio Torres Quintero Planta baja 17/10/2022 v.4 JL1250 S43 2000 321638 31/12/2020 Libro